| 000 | 00724cam a22002297a 4500 | ||
|---|---|---|---|
| 999 |
_c10576 _d10576 |
||
| 003 | OSt | ||
| 005 | 20220404142531.0 | ||
| 008 | 100602s2011 nyuae c 000 0 eng d | ||
| 020 | _a9780500342671 | ||
| 020 | _a0500342679 | ||
| 035 | _a(OCoLC)ocn732605051 | ||
| 042 | _alccopycat | ||
| 082 | _a724.7 | ||
| 245 | 0 | 0 |
_aPlans and details for contemporary architects : _bbuilding with color / _cedited and designed by The Plan. |
| 260 |
_aNew York : _bThames & Hudson, _c2011. |
||
| 300 |
_a239 p. : _bill. (chiefly col.) ; _c31 cm. |
||
| 650 | 0 | _aColor in architecture. | |
| 650 | 0 |
_aArchitecture, Modern _y21st century. |
|
| 650 | 0 |
_aArchitecture, Modern _y20th century. |
|
| 730 | 0 | _aPlan (Bologna, Italy) | |
| 942 | _2ddc | ||